All Bus Stops on London Bus Route 289 - Statistics

General Stats
  • This quiz has been taken 2 times
  • The average score is 6 of 57
Answer Stats
Answer % Correct
Thornton Heath Pond
100%
Addiscombe Tram Stop
50%
Arena Tram Stop
50%
Commerce Way
50%
Elmers End Interchange
50%
Kingfisher Way
50%
Lombard Roundabout
50%
Spurgeon's Bridge
50%
West Croydon Bus Station
50%
West Croydon Station
50%
Woodside Fire Station
50%
Airport House
0%
Alton Road
0%
Ashburton Park
0%
Ashburton Road
0%
Battle of Britain War Memorial
0%
Bedford Hall
0%
Broad Green Avenue
0%
Brockenhurst Road
0%
Canning Road
0%
Canterbury Road
0%
Cecil Road
0%
Coldharbour Road
0%
Colonnades Leisure Park
0%
Croydon Crematorium
0%
Croydon University Hospital
0%
Davidson Road
0%
Drake Road
0%
Dunheved Road North
0%
Edgehill Road
0%
Elmers End / Tesco
0%
Gilliam Grove
0%
Havelock Road
0%
Imperial Way
0%
Lansdowne Road
0%
Longheath Gardens
0%
Longhurst Road
0%
Lower Addiscombe Road / Davidson Road
0%
Montague Road
0%
Morland Road
0%
Newman Road
0%
Parkview Road
0%
Peall Road
0%
Poplar Walk
0%
Purley Cross
0%
Purley High Street / Purley Station
0%
Purley Library
0%
Purley Station
0%
Purley Station / Purley High Street
0%
Purley Way / Beddington Farm Road
0%
Purley Way / Waddon Road
0%
Russell Hill Road
0%
Sumner Road
0%
The Glade
0%
Thornton Heath Pond / Fairlands Avenue
0%
Waddon Leisure Centre / Fiveways
0%
Waddon Station
0%
No matching quizzes found
Score Distribution
Percent of People with Each Score
Percentile by Number Answered
Your Score History
You have not taken this quiz